Một hệ thức đã thay đổi thế giới Đối thoại ảo giữa Newton và Einstein
Spremljeno u:
| Glavni autor: | |
|---|---|
| Format: | Knjiga |
| Jezik: | Undetermined |
| Izdano: |
Hà Nội
VHTT
2000
|
| Teme: | |
| Oznake: |
Dodaj oznaku
Bez oznaka, Budi prvi tko označuje ovaj zapis!
|
| Thư viện lưu trữ: | Trung tâm Học liệu Trường Đại học Cần Thơ |
|---|
| LEADER | 00562nam a2200181Ia 4500 | ||
|---|---|---|---|
| 001 | CTU_39592 | ||
| 008 | 210402s9999 xx 000 0 und d | ||
| 082 | |a 530 | ||
| 082 | |b F919 | ||
| 100 | |a Harald Fritzschi | ||
| 245 | 0 | |a Một hệ thức đã thay đổi thế giới | |
| 245 | 0 | |b Đối thoại ảo giữa Newton và Einstein | |
| 245 | 0 | |c Harald Fritzschi; Dịch giả: Thế Nghĩa | |
| 260 | |a Hà Nội | ||
| 260 | |b VHTT | ||
| 260 | |c 2000 | ||
| 650 | |a physics | ||
| 980 | |a Trung tâm Học liệu Trường Đại học Cần Thơ | ||